00559nam a22001577a 4500999001900000003000500019038001800024082001200042100003100054245008400085260003100169600005100200700003500251942001300286952010200299 c531544d531544NUST aNusrat Nadeem a004 RAM a Rehman Syed Rameez924369 aMS/Thesis:A Framework for Cardboard based Augmented RealitycSyed Rameez Rehman aIslamabadbRCMS NUSTc2018 xDepartment of Computational Engineering924370 4Dr. Shahzad Rasool(Supervisor) 2ddccTHE 00102ddc4070aRCMSbRCMScTHEd2019-10-18l0o004 RAMpRCMS003142r2019-10-18w2019-10-18yTHE